000 00684nam a22002057a 4500
999 _c85852
_d85852
005 20221214152315.0
010 _aENG-110300 ENG-135862
020 _a9789351426684
_c490.00
035 _aEN-93832
035 _aEN-119393
037 _bDBAD/PUB
082 _a658.049
100 _aBhat, K.Shridhara
245 _aInternational operations management /
_cby K.Shridhara Bhat ; assisted by Rajesh M. Rao
260 _aMumbai
_bHimalaya Publishing House
_c2014
270 _a"Ramdoot", Dr.Bhalerao Marg, Girgaon
_bMumbai
_e400004
300 _a656p.:
_c28cm(pbk)
_bill.
500 _aIncludes bibliographical references and index
942 _2ddc
_cEN
_mBHA
_h658.049